[Event "2015 WBX Team Tournament"]
[Site "Edmonton"]
[Date "2015.12.12"]
[Round "1"]
[White "Koperski, Dustin"]
[Black "Kadavil, Suresh"]
[Result "1-0"]
[WhiteElo "1776"]
[BlackElo "1702"]
[PlyCount "47"]
[EventDate "2015.12.12"]
[EventType "team-tourn"]
[EventRounds "5"]
[EventCountry "CAN"]

1. e4 b6 2. d4 Bb7 3. Bd3 e6 4. Nc3 Bb4 5. Nge2 Nf6 6. a3 Be7 7. O-O c5 8. d5
exd5 9. exd5 Nxd5 10. Nxd5 Bxd5 11. Nf4 Bb7 12. Qh5 Qc7 13. Re1 Nc6 14. Nd5 Qd6
15. Bf4 g6 16. Bxd6 gxh5 17. Nxe7 Kd8 18. Nxc6+ Bxc6 19. Be4 Kc8 20. Bxc6 dxc6
21. Re7 f5 22. Rd1 a5 23. Rc7+ Kd8 24. Be5+ 1-0

[Event "2015 WBX Team Tournament"]
[Site "Edmonton"]
[Date "2015.12.12"]
[Round "1"]
[White "McLeod, Logan"]
[Black "Briones, Dante"]
[Result "1/2-1/2"]
[WhiteElo "1714"]
[BlackElo "2001"]
[PlyCount "65"]
[EventDate "2015.12.12"]
[EventType "team-tourn"]
[EventRounds "5"]
[EventCountry "CAN"]

1. e4 e6 2. d4 d5 3. Nc3 Bb4 4. e5 c5 5. a3 Ba5 6. b4 cxd4 7. Nb5 Bc7 8. f4 Nc6
9. Nf3 Nh6 10. Nfxd4 Bb8 11. Bd3 a6 12. Nxc6 bxc6 13. Nd4 Bd7 14. Qe2 O-O 15.
Be3 a5 16. c3 f6 17. O-O fxe5 18. fxe5 Rxf1+ 19. Rxf1 Bxe5 20. Bxh6 Bxd4+ 21.
cxd4 gxh6 22. Qh5 Qe7 23. Qxh6 Qg7 24. Qf4 axb4 25. Rf3 bxa3 26. Rg3 a2 27.
Rxg7+ Kxg7 28. Qg5+ Kf7 29. Qh5+ Kf8 30. Qh6+ Ke8 31. Bg6+ Ke7 32. Qg7+ Kd6 33.
Qe5+ 1/2-1/2

[Event "2015 WBX Team Tournament"]
[Site "Edmonton"]
[Date "2015.12.12"]
[Round "1"]
[White "Nguyen, Kim"]
[Black "Gardner, Robert"]
[Result "0-1"]
[WhiteElo "2100"]
[BlackElo "2249"]
[PlyCount "70"]
[EventDate "2015.12.12"]
[EventType "team-tourn"]
[EventRounds "5"]
[EventCountry "CAN"]

1. e4 d6 2. d4 Nf6 3. Nc3 g6 4. f4 Bg7 5. Nf3 c5 6. Bb5+ Bd7 7. Bxd7+ Nfxd7 8.
Be3 O-O 9. O-O cxd4 10. Nxd4 Nc6 11. Kh1 Nxd4 12. Bxd4 Bxd4 13. Qxd4 Qb6 14.
Qd2 Qxb2 15. Rab1 Qa3 16. Rxb7 Qa6 17. Rfb1 Rab8 18. Rxb8 Rxb8 19. Rxb8+ Nxb8
20. Qd3 Qa3 21. g3 Nc6 22. Kg2 Nb4 23. Qd2 Qb2 24. Kf2 Nxa2 25. Nd5 e6 26. Ne3
Nc3 27. Qd3 Qb4 28. Kf3 a5 29. Nc4 d5 30. exd5 exd5 31. Nb6 Qxb6 32. Qxc3 a4
33. f5 gxf5 34. Qc8+ Kg7 35. Qxf5 Qf6 0-1

[Event "2015 WBX Team Tournament"]
[Site "Edmonton"]
[Date "2015.12.12"]
[Round "1"]
[White "Tran-Ly, Tristan"]
[Black "Valencia, Belsar"]
[Result "0-1"]
[WhiteElo "2084"]
[BlackElo "2305"]
[PlyCount "84"]
[EventDate "2015.12.12"]
[EventType "team-tourn"]
[EventRounds "5"]
[EventCountry "CAN"]

1. d4 Nf6 2. c4 g6 3. Nc3 Bg7 4. e4 d6 5. Nf3 O-O 6. Be2 e5 7. O-O Nc6 8. d5
Ne7 9. Ne1 Nd7 10. Be3 f5 11. f3 f4 12. Bf2 h5 13. Rc1 g5 14. c5 a6 15. Na4 b5
16. cxb6 cxb6 17. Nd3 b5 18. Nc3 Nf6 19. Kh1 Ng6 20. a4 g4 21. axb5 g3 22. Bg1
gxh2 23. Bxh2 h4 24. Nf2 Nh5 25. Kg1 Ng3 26. Re1 Qg5 27. Ng4 Bxg4 28. fxg4 Qd8
29. Bxg3 hxg3 30. Bf3 Qb6+ 31. Kh1 Kf7 32. g5 Rh8+ 33. Bh5 Rxh5+ 34. Qxh5 Rh8
35. Qxh8 Nxh8 36. bxa6 Qxa6 37. b4 Qb6 38. b5 Qd8 39. Na4 Qxg5 40. b6 Qh4+ 41.
Kg1 Qh2+ 42. Kf1 f3 0-1

[Event "2015 WBX Team Tournament"]
[Site "Edmonton"]
[Date "2015.12.12"]
[Round "1"]
[White "Young, Joseph"]
[Black "Yao, David"]
[Result "1-0"]
[WhiteElo "1755"]
[BlackElo "1797"]
[PlyCount "67"]
[EventDate "2015.12.12"]
[EventType "team-tourn"]
[EventRounds "5"]
[EventCountry "CAN"]

1. d4 Nf6 2. Nc3 d5 3. Bg5 e6 4. Nf3 c5 5. e3 Nc6 6. Bf4 cxd4 7. exd4 Bb4 8. a3
Bxc3+ 9. bxc3 Qa5 10. Bd2 Ne4 11. Ne5 Nxe5 12. dxe5 Qc5 13. Qe2 Bd7 14. c4 Nxd2
15. Qxd2 dxc4 16. Qc3 O-O 17. Be2 b5 18. O-O Bc6 19. Kh1 Rfd8 20. f4 Rd7 21.
Rae1 Rad8 22. f5 exf5 23. Rxf5 Qd5 24. Bf3 Qe6 25. Bg4 Rd2 26. Rg1 Qg6 27. Qh3
R2d4 28. Bh5 Qh6 29. Bxf7+ Kh8 30. Rh5 Rd1 31. Rxh6 gxh6 32. Qxh6 Bxg2+ 33.
Kxg2 R8d2+ 34. Kh3 1-0

[Event "2015 WBX Team Tournament"]
[Site "Edmonton"]
[Date "2015.12.12"]
[Round "2"]
[White "Fellah, Mohamad"]
[Black "McLeod, Logan"]
[Result "0-1"]
[WhiteElo "1928"]
[BlackElo "1714"]
[PlyCount "68"]
[EventDate "2015.12.12"]
[EventType "team-tourn"]
[EventRounds "5"]
[EventCountry "CAN"]

1. e4 c5 2. Nf3 Nc6 3. d4 cxd4 4. Nxd4 Nf6 5. Nc3 e5 6. Ndb5 d6 7. Bg5 a6 8.
Na3 b5 9. Nd5 Be7 10. Bxf6 Bxf6 11. c3 Bg5 12. Nc2 O-O 13. a4 bxa4 14. Rxa4 a5
15. Bc4 Rb8 16. b3 Kh8 17. Nce3 Be6 18. h4 Bxe3 19. Nxe3 Ne7 20. Bxe6 fxe6 21.
Nc4 d5 22. Nxa5 Qc7 23. Qa1 Rf4 24. g3 Rf3 25. exd5 exd5 26. c4 Qb6 27. O-O
Rxg3+ 28. Kh2 Rf3 29. cxd5 Rxf2+ 30. Rxf2 Qxf2+ 31. Kh1 Nf5 32. Rg4 Ng3+ 33.
Rxg3 Qxg3 34. Qa4 Rf8 0-1

[Event "2015 WBX Team Tournament"]
[Site "Edmonton"]
[Date "2015.12.12"]
[Round "2"]
[White "Gardner, Robert"]
[Black "Tran-Ly, Tristan"]
[Result "1-0"]
[WhiteElo "2249"]
[BlackElo "2084"]
[PlyCount "73"]
[EventDate "2015.12.12"]
[EventType "team-tourn"]
[EventRounds "5"]
[EventCountry "CAN"]

1. d4 d5 2. c4 c6 3. Nf3 Nf6 4. Nc3 e6 5. cxd5 exd5 6. Qc2 Nbd7 7. Bg5 Be7 8.
e3 h6 9. Bf4 O-O 10. h3 Re8 11. Bd3 Nf8 12. O-O Be6 13. Ne5 N6d7 14. Ng4 Nf6
15. f3 Nh5 16. Bh2 Bd6 17. Ne5 f6 18. Ng6 Bxh2+ 19. Kxh2 Qd6+ 20. f4 f5 21. Ne5
g6 22. g4 Ng7 23. Rg1 fxg4 24. Bxg6 h5 25. Bxe8 Rxe8 26. Qf2 Bf5 27. Qh4 Re6
28. Raf1 b5 29. Rf2 b4 30. Ne2 Ng6 31. Qg5 Nxe5 32. fxe5 Rg6 33. Qxf5 Nxf5 34.
exd6 Nxe3 35. Nf4 h4 36. Nxg6 g3+ 37. Rxg3 1-0

[Event "2015 WBX Team Tournament"]
[Site "Edmonton"]
[Date "2015.12.12"]
[Round "2"]
[White "Kadavil, Suresh"]
[Black "Seehagen, Terry"]
[Result "1-0"]
[WhiteElo "1702"]
[BlackElo "1697"]
[PlyCount "87"]
[EventDate "2015.12.12"]
[EventType "team-tourn"]
[EventRounds "5"]
[EventCountry "CAN"]

1. b3 e5 2. Bb2 Nc6 3. e3 d5 4. Nf3 e4 5. Ne5 Qd6 6. Bb5 a6 7. Bxc6+ bxc6 8. f4
Qh6 9. Qe2 Ne7 10. d3 f6 11. Ng4 Qh4+ 12. Nf2 f5 13. Nd2 a5 14. a4 Ng8 15.
O-O-O Ba6 16. g3 Qd8 17. g4 Nf6 18. gxf5 Bc5 19. h3 Qe7 20. Nf1 Ba3 21. Ng4
Nxg4 22. hxg4 O-O-O 23. Qe1 Qc5 24. d4 Qb4 25. Qxb4 Bxb4 26. c3 Be7 27. Ng3 h6
28. Rh2 c5 29. Rdh1 cxd4 30. cxd4 Rd6 31. Kb1 Bd3+ 32. Ka2 Rc6 33. g5 Kd7 34.
f6 gxf6 35. Rxh6 Rg8 36. g6 Bf8 37. Rh7+ Kd8 38. f5 Rc2 39. Nh5 Bb4 40. Nxf6
Bc3 41. R1h2 Be2 42. Nxd5 Bxb2 43. Kb1 Rd2 44. Nf4 1-0

[Event "2015 WBX Team Tournament"]
[Site "Edmonton"]
[Date "2015.12.12"]
[Round "2"]
[White "Valencia, Belsar"]
[Black "Villavieja, Butch"]
[Result "1/2-1/2"]
[WhiteElo "2305"]
[BlackElo "2179"]
[PlyCount "52"]
[EventDate "2015.12.12"]
[EventType "team-tourn"]
[EventRounds "5"]
[EventCountry "CAN"]

1. d4 d5 2. Nf3 Nf6 3. Bf4 c6 4. e3 Bf5 5. Bd3 Bxd3 6. cxd3 Qb6 7. Nbd2 Nbd7 8.
Qc2 e6 9. O-O Nh5 10. Be5 f6 11. Bg3 Nxg3 12. hxg3 Bd6 13. e4 O-O 14. Rac1 Rae8
15. Nb3 Qc7 16. Rfe1 Qb8 17. Nc5 Bxc5 18. dxc5 Ne5 19. exd5 Nxf3+ 20. gxf3 exd5
21. d4 g6 22. Qd2 Rf7 23. Rxe8+ Qxe8 24. Re1 Re7 25. Rxe7 Qxe7 26. Qf4 Kg7
1/2-1/2

[Event "2015 WBX Team Tournament"]
[Site "Edmonton"]
[Date "2015.12.12"]
[Round "2"]
[White "Yao, David"]
[Black "Ludwig, David"]
[Result "1/2-1/2"]
[WhiteElo "1797"]
[BlackElo "1901"]
[PlyCount "69"]
[EventDate "2015.12.12"]
[EventType "team-tourn"]
[EventRounds "5"]
[EventCountry "CAN"]

1. Nf3 f5 2. d3 g6 3. g3 Nf6 4. Bg2 d6 5. Nbd2 Bg7 6. c3 e5 7. e4 fxe4 8. Nxe4
Nxe4 9. Qa4+ Nd7 10. Qxe4 Nf6 11. Qe2 O-O 12. O-O c6 13. h3 Bd7 14. Be3 Nh5 15.
Qd2 Qf6 16. Bh6 Bxh3 17. Bxh3 Qxf3 18. Bg2 Bxh6 19. Qxh6 Qf6 20. Qe3 a6 21.
Rad1 Rae8 22. a4 Re7 23. Qe2 Qe6 24. Rfe1 Rfe8 25. Qc2 Qf6 26. Qd2 Kg7 27. Re3
d5 28. Bf3 Qg5 29. Bxh5 Qxh5 30. Rde1 Qg5 31. Qc2 Qf6 32. R3e2 Qf5 33. Re3 Qd7
34. R3e2 c5 35. c4 1/2-1/2

[Event "2015 WBX Team Tournament"]
[Site "Edmonton"]
[Date "2015.12.12"]
[Round "3"]
[White "Fellah, Mohamad"]
[Black "Briones, Dante"]
[Result "1/2-1/2"]
[WhiteElo "1928"]
[BlackElo "2001"]
[PlyCount "97"]
[EventDate "2015.12.12"]
[EventType "team-tourn"]
[EventRounds "5"]
[EventCountry "CAN"]

1. e4 e6 2. d4 d5 3. Nc3 Bb4 4. e5 c5 5. a3 Ba5 6. b4 cxd4 7. Qg4 Kf8 8. Nb5
Bc7 9. Qxd4 Nd7 10. Nf3 a6 11. Nxc7 Qxc7 12. Bd3 Ne7 13. Bb2 Nc6 14. Qf4 b5 15.
Bxh7 Rxh7 16. Ng5 Nf6 17. g3 Rh5 18. exf6 Qxf4 19. fxg7+ Kg8 20. gxf4 e5 21.
Rg1 f6 22. Nf3 Bb7 23. fxe5 fxe5 24. Rg5 Rxg5 25. Nxg5 Re8 26. O-O-O d4 27. Ne4
Kxg7 28. Nd6 Rb8 29. Rg1+ Kf6 30. h4 Ba8 31. h5 Rh8 32. Rg6+ Ke7 33. h6 Nd8 34.
Nf5+ Kf7 35. Rxa6 Bc6 36. Ra7+ Kf6 37. Ne7 Bb7 38. f4 Kxe7 39. fxe5 Ke6 40.
Bxd4 Be4 41. Ra6+ Bc6 42. a4 Kd5 43. axb5 Bxb5 44. Rd6+ Kc4 45. e6 Rxh6 46.
Rxd8 Rxe6 47. Bc5 Kc3 48. Rd1 Re2 49. Bd4+ 1/2-1/2

[Event "2015 WBX Team Tournament"]
[Site "Edmonton"]
[Date "2015.12.12"]
[Round "3"]
[White "Ludwig, David"]
[Black "Young, Joseph"]
[Result "0-1"]
[WhiteElo "1901"]
[BlackElo "1755"]
[PlyCount "42"]
[EventDate "2015.12.12"]
[EventType "team-tourn"]
[EventRounds "5"]
[EventCountry "CAN"]

1. b3 Nc6 2. Bb2 d5 3. e3 Nf6 4. Nf3 Bg4 5. Be2 e6 6. O-O Bd6 7. d4 Ne4 8. Nbd2
Qf6 9. c4 Qh6 10. c5 Nxd2 11. cxd6 Nxf1 12. Qxf1 cxd6 13. Bb5 Bxf3 14. Bxc6+
bxc6 15. gxf3 O-O 16. Ba3 Qg5+ 17. Kh1 Rad8 18. Qa6 Qh5 19. Qxc6 Qxf3+ 20. Kg1
h5 21. Bxd6 Rfe8 0-1

[Event "2015 WBX Team Tournament"]
[Site "Edmonton"]
[Date "2015.12.12"]
[Round "3"]
[White "Shevchenko, Oleksii"]
[Black "Koperski, Dustin"]
[Result "0-1"]
[WhiteElo "1632"]
[BlackElo "1776"]
[PlyCount "100"]
[EventDate "2015.12.12"]
[EventType "team-tourn"]
[EventRounds "5"]
[EventCountry "CAN"]

1. d4 Nf6 2. Bf4 c5 3. c3 d5 4. e3 Nc6 5. Nf3 Qb6 6. Qc2 cxd4 7. exd4 Bf5 8.
Qd2 e6 9. Nh4 Bxb1 10. Rxb1 Be7 11. Nf3 O-O 12. Bd3 Rfe8 13. h3 Rad8 14. Be3
Qc7 15. Bf4 Bd6 16. Bxd6 Qxd6 17. O-O Re7 18. Rfe1 Qc7 19. Rbc1 Qa5 20. b3 a6
21. Re2 Rde8 22. Ne5 Nxe5 23. dxe5 Nd7 24. h4 Rc8 25. Bb1 Rc6 26. Qd3 g6 27. h5
Qc7 28. Qg3 b5 29. Re3 d4 30. hxg6 fxg6 31. Re4 Rxc3 32. Rxc3 Qxc3 33. Qxc3
dxc3 34. Kf1 Nb6 35. a3 Nd5 36. b4 Rc7 37. Re2 Kf7 38. Ke1 Nf4 39. Rc2 Nd3+ 40.
Ke2 Nxe5 41. Ba2 Kf6 42. Ke3 Nc4+ 43. Bxc4 Rxc4 44. Kd3 Rc8 45. f4 Kf5 46. Ke3
h5 47. Kf3 Rc4 48. g3 e5 49. fxe5 Kxe5 50. Ke3 g5 0-1

[Event "2015 WBX Team Tournament"]
[Site "Edmonton"]
[Date "2015.12.12"]
[Round "3"]
[White "Valencia, Belsar"]
[Black "Gardner, Robert"]
[Result "1-0"]
[WhiteElo "2305"]
[BlackElo "2249"]
[PlyCount "93"]
[EventDate "2015.12.12"]
[EventType "team-tourn"]
[EventRounds "5"]
[EventCountry "CAN"]

1. Nf3 Nf6 2. g3 b5 3. Bg2 Bb7 4. d3 d5 5. a4 b4 6. c3 e6 7. a5 Na6 8. O-O Bd6
9. Nbd2 O-O 10. Nb3 c5 11. Nfd2 Qc7 12. e4 e5 13. exd5 Bxd5 14. Bxd5 Nxd5 15.
c4 Ne7 16. Ne4 f5 17. Ng5 Rf6 18. Qe2 h6 19. Nf3 Nc6 20. Bd2 Qd7 21. Rae1 Kf8
22. Bc1 Re8 23. Nfd2 Qd8 24. Qh5 Nxa5 25. Nxa5 Qxa5 26. f4 Nc7 27. fxe5 Bxe5
28. Nf3 Bd4+ 29. Kh1 Rxe1 30. Rxe1 Qb6 31. Bf4 Ne6 32. Nxd4 cxd4 33. Qf3 Nd8
34. Be5 Rf7 35. Qd5 Qc6 36. Bd6+ Kg8 37. Qxc6 Nxc6 38. Re8+ Kh7 39. Rc8 Na5 40.
Bxb4 Nb3 41. c5 a5 42. Ba3 Nc1 43. c6 Kg6 44. Bd6 Nxd3 45. c7 Nf2+ 46. Kg2 Ne4
47. Bf4 1-0

[Event "2015 WBX Team Tournament"]
[Site "Edmonton"]
[Date "2015.12.12"]
[Round "3"]
[White "Villavieja, Butch"]
[Black "Nguyen, Kim"]
[Result "0-1"]
[WhiteElo "2179"]
[BlackElo "2100"]
[PlyCount "108"]
[EventDate "2015.12.12"]
[EventType "team-tourn"]
[EventRounds "5"]
[EventCountry "CAN"]

1. e4 c5 2. Nf3 d6 3. d4 cxd4 4. Nxd4 Nf6 5. Nc3 a6 6. Bg5 Nbd7 7. Qd2 h6 8.
Bh4 e6 9. Be2 Nc5 10. f3 b5 11. Bf2 Qc7 12. a3 Bd7 13. O-O Be7 14. Nb3 Na4 15.
Nxa4 bxa4 16. Nd4 O-O 17. b4 axb3 18. cxb3 e5 19. Nc2 Be6 20. Rfc1 Qb7 21. Bc4
d5 22. exd5 Bxd5 23. Nb4 Bxc4 24. Rxc4 Rfc8 25. Rac1 Rxc4 26. Rxc4 Rc8 27.
Rxc8+ Qxc8 28. Qc2 Qe6 29. Qc4 Qf5 30. Qc2 e4 31. Nxa6 Qe5 32. Bc5 e3 33. Kf1
Bxc5 34. Qxc5 Nd5 35. Qc8+ Kh7 36. Qc2+ g6 37. g3 Qf6 38. Qe2 Qd4 39. Nb4 Nc3
40. Qe1 e2+ 41. Kg2 Qe3 42. Nc2 Qd3 43. Nb4 Qd1 44. Kf2 Qxb3 45. Nd3 Qxa3 46.
Kg2 Qb3 47. h4 Qc2 48. Nf2 Nd1 49. Ng4 h5 50. Nf6+ Kg7 51. Ne4 f6 52. Nd2 Qd3
53. Ne4 Qe3 54. Nd2 Nb2 0-1

[Event "2015 WBX Team Tournament"]
[Site "Edmonton"]
[Date "2015.12.12"]
[Round "3"]
[White "Yao, David"]
[Black "McLeod, Logan"]
[Result "1-0"]
[WhiteElo "1797"]
[BlackElo "1714"]
[PlyCount "49"]
[EventDate "2015.12.12"]
[EventType "team-tourn"]
[EventRounds "5"]
[EventCountry "CAN"]

1. Nf3 e6 2. d4 f5 3. g3 Nf6 4. Bg2 Be7 5. c3 O-O 6. O-O d6 7. Nbd2 Ne4 8. Qc2
d5 9. Nxe4 fxe4 10. Ne5 Nc6 11. Nxc6 bxc6 12. f3 exf3 13. Bxf3 Ba6 14. Bf4 Rxf4
15. gxf4 Bd6 16. Bg2 Qh4 17. Rf3 Bxf4 18. Rh3 Qg5 19. Qxh7+ Kf7 20. Re1 Rb8 21.
b3 Be3+ 22. Kh1 e5 23. Rg3 Qh6 24. Rf1+ Ke6 25. Rg6+ 1-0

[Event "2015 WBX Team Tournament"]
[Site "Edmonton"]
[Date "2015.12.13"]
[Round "4"]
[White "Briones, Dante"]
[Black "Yao, David"]
[Result "1-0"]
[WhiteElo "2001"]
[BlackElo "1797"]
[PlyCount "109"]
[EventDate "2015.12.12"]
[EventType "team-tourn"]
[EventRounds "5"]
[EventCountry "CAN"]

1. e4 e5 2. Nf3 Nc6 3. d4 exd4 4. Nxd4 Bc5 5. Nb3 Bb6 6. Be2 Nge7 7. Nc3 d6 8.
O-O Be6 9. Nd5 Bxd5 10. exd5 Ne5 11. a4 a6 12. a5 Ba7 13. Kh1 Qd7 14. f4 N5g6
15. Bg4 f5 16. Bf3 O-O-O 17. Nd4 Nh4 18. Ne6 Nxf3 19. Nxd8 Nxh2 20. Kxh2 Qxd8
21. b4 Nxd5 22. g3 Nxb4 23. Rb1 Nc6 24. Qd3 g6 25. Bd2 Qd7 26. Rfe1 Rf8 27. Qb3
Nd8 28. c4 Qg7 29. Re2 h5 30. Qd3 Qd4 31. Qc2 Qg7 32. Rbe1 Qh6 33. Kg2 h4 34.
Rh1 Qg7 35. Rxh4 Nc6 36. Qd3 Qd4 37. Qxd4 Bxd4 38. Rh6 Rg8 39. Re6 Kd7 40.
Rexg6 Rxg6 41. Rxg6 Ne7 42. Rh6 b6 43. Rh7 bxa5 44. Bxa5 Bb6 45. Bc3 c6 46. Bf6
Bd8 47. g4 Ke6 48. g5 a5 49. Rh8 Kd7 50. Kf3 a4 51. g6 a3 52. g7 a2 53. Rxd8+
Kc7 54. Ra8 Ng8 55. Rxg8 1-0

[Event "2015 WBX Team Tournament"]
[Site "Edmonton"]
[Date "2015.12.13"]
[Round "4"]
[White "McLeod, Logan"]
[Black "Ludwig, David"]
[Result "1-0"]
[WhiteElo "1714"]
[BlackElo "1901"]
[PlyCount "103"]
[EventDate "2015.12.12"]
[EventType "team-tourn"]
[EventRounds "5"]
[EventCountry "CAN"]

1. e4 Nf6 2. e5 Nd5 3. d4 d6 4. Nf3 dxe5 5. Nxe5 c6 6. Be2 Nd7 7. Nf3 g6 8. c4
Nc7 9. Bf4 Bg7 10. Nc3 O-O 11. Qd2 Nf6 12. O-O-O Bd7 13. Ne5 b5 14. Bh6 bxc4
15. h4 Ncd5 16. Bxg7 Kxg7 17. h5 Rh8 18. h6+ Kf8 19. Bxc4 e6 20. f3 Nxc3 21.
Qxc3 Qe7 22. Qa5 Qd6 23. Rd3 Ke7 24. Bb3 Rhb8 25. Nc4 Qb4 26. Qc5+ Qxc5 27.
dxc5 Rb5 28. Kb1 Rxc5 29. g4 Rd5 30. Rhd1 Rd8 31. Ne3 Rxd3 32. Rxd3 Be8 33. Kc2
Rxd3 34. Kxd3 Nd7 35. Kd4 e5+ 36. Kc3 Nc5 37. Bc4 Bd7 38. b4 Ne6 39. Bxe6 Bxe6
40. a4 Kd6 41. g5 Bd5 42. Ng4 f5 43. Nf6 Ke7 44. Nxh7 Kf7 45. Nf6 Bxf3 46. Nd7
Bd5 47. Nxe5+ Kg8 48. Nxg6 Kh7 49. Nf4 Be4 50. Kd4 Bc2 51. a5 Be4 52. Kc5 1-0

[Event "2015 WBX Team Tournament"]
[Site "Edmonton"]
[Date "2015.12.13"]
[Round "4"]
[White "Nguyen, Kim"]
[Black "Valencia, Belsar"]
[Result "0-1"]
[WhiteElo "2100"]
[BlackElo "2305"]
[PlyCount "76"]
[EventDate "2015.12.12"]
[EventType "team-tourn"]
[EventRounds "5"]
[EventCountry "CAN"]

1. e4 c5 2. Nf3 e6 3. b3 a6 4. Bb2 Nc6 5. Bd3 d6 6. O-O e5 7. Re1 Nf6 8. Na3 g6
9. c3 Bg7 10. Nc2 O-O 11. Ne3 b5 12. a4 b4 13. Bc4 Be6 14. Ng5 Bxc4 15. Nxc4 h6
16. Nf3 Rb8 17. Rb1 Re8 18. d3 Nh5 19. cxb4 Nxb4 20. Bc3 Nc6 21. Qd2 d5 22. Ba5
Nxa5 23. Nxa5 Qd6 24. Qc3 Nf4 25. h3 Ne6 26. exd5 Qxd5 27. Qc4 Qd6 28. Qc2 Nf4
29. Re3 Nd5 30. Re2 Nb4 31. Qc4 Qxd3 32. Rc1 e4 33. Ne1 Qxc4 34. Nxc4 f5 35. g4
Bd4 36. gxf5 gxf5 37. Kf1 Nd5 38. f3 Nf4 0-1

[Event "2015 WBX Team Tournament"]
[Site "Edmonton"]
[Date "2015.12.13"]
[Round "4"]
[White "Tran-Ly, Tristan"]
[Black "Villavieja, Butch"]
[Result "1/2-1/2"]
[WhiteElo "2084"]
[BlackElo "2179"]
[PlyCount "171"]
[EventDate "2015.12.12"]
[EventType "team-tourn"]
[EventRounds "5"]
[EventCountry "CAN"]

1. d4 Nf6 2. c4 g6 3. Nf3 Bg7 4. Nc3 O-O 5. e4 d6 6. Be2 c6 7. h3 e5 8. Bg5 h6
9. Be3 Nbd7 10. d5 cxd5 11. cxd5 a6 12. a4 Qa5 13. Kf1 Nc5 14. Nd2 Qb4 15. Qc2
Bd7 16. Nc4 Nb3 17. Ra3 Nd4 18. Bxd4 exd4 19. Na2 Qc5 20. b4 Qc7 21. Qb1 Rfe8
22. Nd2 Rac8 23. Bd3 b5 24. a5 Re7 25. g3 Rce8 26. Kg2 h5 27. Nc1 Qa7 28. Ncb3
Rc8 29. Rc1 Ree8 30. Ra2 Rc3 31. Rac2 Rec8 32. Nf3 Ne8 33. Rxc3 dxc3 34. Qc2
Nf6 35. Ng1 Be8 36. Ne2 Nd7 37. f4 Qe3 38. Rf1 Qa7 39. Nbc1 Qe3 40. Na2 g5 41.
Rf3 Qa7 42. fxg5 Ne5 43. Rf1 Qe3 44. Nf4 Nc4 45. Bxc4 Rxc4 46. Rf3 Qe1 47. Rf1
Qd2+ 48. Rf2 Qxc2 49. Rxc2 Rxe4 50. Nxh5 Rd4 51. Nxg7 Kxg7 52. Nxc3 Rxb4 53.
Kf3 Rc4 54. Rc1 b4 55. Ne2 Bb5 56. Ke3 b3 57. Rxc4 Bxc4 58. Nc3 b2 59. Kd2 Bxd5
60. Kc2 Be6 61. h4 Kg6 62. Ne2 Bc4 63. Nf4+ Kf5 64. Nh5 Kg4 65. Nf6+ Kxg3 66.
h5 Kh4 67. g6 fxg6 68. hxg6 Bd3+ 69. Kxb2 Bxg6 70. Kc3 Kg5 71. Nd5 Be4 72. Kd4
Bg2 73. Ne3 Bb7 74. Nc4 d5 75. Nd6 Bc6 76. Nc8 Kf6 77. Nb6 Ke6 78. Kc5 Bb7 79.
Kd4 Kd6 80. Na4 Bc8 81. Nc5 Kc6 82. Nd3 Kb5 83. Nc5 Kc6 84. Nd3 Bh3 85. Nb4+
Kb5 86. Nxa6 1/2-1/2

[Event "2015 WBX Team Tournament"]
[Site "Edmonton"]
[Date "2015.12.13"]
[Round "4"]
[White "Young, Joseph"]
[Black "Fellah, Mohamad"]
[Result "1-0"]
[WhiteElo "1755"]
[BlackElo "1928"]
[PlyCount "81"]
[EventDate "2015.12.12"]
[EventType "team-tourn"]
[EventRounds "5"]
[EventCountry "CAN"]

1. d4 Nf6 2. Nc3 d5 3. Bg5 Nbd7 4. Nf3 h6 5. Bh4 e6 6. a3 c5 7. e3 Be7 8. Be2
O-O 9. O-O b6 10. Bg3 Bb7 11. Ne5 Nxe5 12. Bxe5 Bd6 13. Bxd6 Qxd6 14. f4 Ne4
15. Rf3 Nxc3 16. bxc3 Rac8 17. Bd3 cxd4 18. cxd4 Rc3 19. g4 Rxa3 20. Rxa3 Qxa3
21. g5 hxg5 22. Rh3 f5 23. fxg5 g6 24. Qe1 Qe7 25. Qg3 e5 26. Rh6 Qg7 27. dxe5
Bc8 28. h4 Re8 29. h5 gxh5 30. Rf6 a5 31. Qh4 Rxe5 32. Qxh5 Re6 33. Rxe6 Bxe6
34. Qe8+ Kh7 35. Qxe6 Qxg5+ 36. Kf1 Kg7 37. Ke2 f4 38. exf4 Qg2+ 39. Kd1 Qf3+
40. Be2 Qxf4 41. Qxd5 1-0

[Event "2015 WBX Team Tournament"]
[Site "Edmonton"]
[Date "2015.12.13"]
[Round "5"]
[White "Dave, Bhavik"]
[Black "Koperski, Dustin"]
[Result "1/2-1/2"]
[WhiteElo "1792"]
[BlackElo "1776"]
[PlyCount "36"]
[EventDate "2015.12.12"]
[EventType "team-tourn"]
[EventRounds "5"]
[EventCountry "CAN"]

1. d4 Nf6 2. c4 c5 3. d5 b5 4. cxb5 a6 5. b6 g6 6. Nc3 Qxb6 7. e4 d6 8. a4 Bg7
9. a5 Qb7 10. Bc4 Bd7 11. f4 Bb5 12. Qb3 Nbd7 13. Bxb5 axb5 14. Qxb5 Qxb5 15.
Nxb5 O-O 16. a6 Rfb8 17. Ra5 Nxe4 18. Nc7 Ra7 1/2-1/2

[Event "2015 WBX Team Tournament"]
[Site "Edmonton"]
[Date "2015.12.13"]
[Round "5"]
[White "Ludwig, David"]
[Black "Briones, Dante"]
[Result "1/2-1/2"]
[WhiteElo "1901"]
[BlackElo "2001"]
[PlyCount "96"]
[EventDate "2015.12.12"]
[EventType "team-tourn"]
[EventRounds "5"]
[EventCountry "CAN"]

1. b3 e5 2. Bb2 Nc6 3. e3 a6 4. c4 Nf6 5. Nf3 d6 6. d3 g6 7. Be2 Bg7 8. O-O O-O
9. Nc3 h6 10. a3 d5 11. cxd5 Nxd5 12. Qc2 Re8 13. Rfd1 Nde7 14. Rd2 g5 15. d4
exd4 16. exd4 Ng6 17. d5 Nce7 18. Rad1 Bf5 19. Bd3 Bxd3 20. Qxd3 Nf4 21. Qc2
Qc8 22. Ne4 Qg4 23. Ne1 Nexd5 24. Bxg7 Kxg7 25. Qb2+ Kg6 26. f3 Qe6 27. g3 Nh3+
28. Kh1 c6 29. Ng2 f5 30. Ne3 fxe4 31. Nxd5 Nf2+ 32. Rxf2 cxd5 33. fxe4 Qxe4+
34. Kg1 Rf8 35. Qc2 Qxc2 36. Rxc2 Rf3 37. Rxd5 Rxb3 38. a4 Rf8 39. Rc4 h5 40.
Rd6+ Rf6 41. Rd7 g4 42. Rcc7 Rb1+ 43. Kg2 Rb2+ 44. Kg1 Rb1+ 45. Kg2 Rfb6 46.
Rg7+ Kf5 47. Rgf7+ Ke5 48. Rfe7+ Kf5 1/2-1/2

[Event "2015 WBX Team Tournament"]
[Site "Edmonton"]
[Date "2015.12.13"]
[Round "5"]
[White "Nguyen, Kim"]
[Black "Tran-Ly, Tristan"]
[Result "1-0"]
[WhiteElo "2100"]
[BlackElo "2084"]
[PlyCount "69"]
[EventDate "2015.12.12"]
[EventType "team-tourn"]
[EventRounds "5"]
[EventCountry "CAN"]

1. e4 c5 2. Nf3 g6 3. d4 cxd4 4. Nxd4 Nf6 5. Nc3 d6 6. Be3 Bg7 7. Be2 O-O 8.
Qd2 Nc6 9. O-O-O Bd7 10. Kb1 Qa5 11. Nb3 Qc7 12. f4 Be6 13. Bf3 Rfc8 14. Nb5
Qd7 15. Qe1 Qe8 16. h3 Bxb3 17. axb3 a6 18. Nc3 Nb4 19. g4 Qd7 20. Rh2 Qc7 21.
Qd2 Qa5 22. Bd4 Rc7 23. e5 Rac8 24. Qe3 Nd7 25. exd6 Rxc3 26. bxc3 Bxd4 27.
Rxd4 Qa2+ 28. Kc1 Qa1+ 29. Kd2 Qb2 30. Bd1 Na2 31. dxe7 Qc1+ 32. Ke2 Nxc3+ 33.
Qxc3 Rxc3 34. e8=Q+ Nf8 35. Rd8 1-0

[Event "2015 WBX Team Tournament"]
[Site "Edmonton"]
[Date "2015.12.13"]
[Round "5"]
[White "Seehagen, Terry"]
[Black "Chao, Lucy"]
[Result "1-0"]
[WhiteElo "1697"]
[BlackElo "1386"]
[PlyCount "53"]
[EventDate "2015.12.12"]
[EventType "team-tourn"]
[EventRounds "5"]
[EventCountry "CAN"]

1. e4 e5 2. Bc4 Bc5 3. d4 Bxd4 4. Nf3 Nc6 5. c3 Bb6 6. Ng5 Qf6 7. O-O Nh6 8.
Kh1 O-O 9. f4 d6 10. fxe5 Qxe5 11. Bf4 Qe7 12. h3 Be6 13. Nxe6 fxe6 14. Nd2 Nf7
15. Qh5 Kh8 16. Bg3 Qg5 17. Qxg5 Nxg5 18. h4 Be3 19. hxg5 Bxd2 20. g6 hxg6 21.
Bxe6 Rxf1+ 22. Rxf1 Re8 23. Bd5 Ne5 24. Bf4 Rf8 25. g3 g5 26. Rf2 c6 27. Rh2#
1-0